Nachhaltigkeitsziele der Agenda 2030 - Statistiken

Allgemein
  • Dieses Quiz wurde 42 mal gespielt
  • Das Durchschnittsergebnis liegt bei 9 aus 17
Antwortstatistiken
Nummer Bezeichnung % Korrekt
16 Frieden, Gerechtigkeit und starke Institutionen
75%
1 Keine Armut
75%
2 Kein Hunger
75%
15 Leben an Land
69%
3 Gesundheit und Wohlergehen
63%
13 Maßnahmen zum Klimaschutz
63%
4 Hochwertige Bildung
56%
9 Industrie, Innovation und Infrastruktur
56%
14 Leben unter Wasser
56%
7 Bezahlbare und saubere Energie
44%
5 Geschlechtergleichheit
44%
8 Menschenwürdige Arbeit und Wirtschaftswachstum
44%
6 Sauberes Wasser und Sanitäreinrichtungen
44%
11 Nachhaltige Städte und Gemeinden
38%
12 Nachhaltige/r Konsum und Produktion
31%
17 Partnerschaften zur Erreichung der Ziele
31%
10 Weniger Ungleichheiten
25%
Keine übereinstimmenden Quizze gefunden
Verteilung der Resultate
Anzahl Personen mit jedem Resultat
Perzentil nach korrekt beantworteten Fragen
Ihre Resultats-Entwicklung
Sie haben dieses Quiz noch nicht gespielt